Díez botellas al mar : (Registro nro. 66836)
[ vista simple ]
| 000 -LEADER | |
|---|---|
| fixed length control field | 01006cam a2200301 i 4500 |
| 001 - CONTROL NUMBER | |
| control field | 66836 |
| 003 - CONTROL NUMBER IDENTIFIER | |
| control field | Mx-PuUPA |
| 005 - DATE AND TIME OF LATEST TRANSACTION | |
| control field | 20240313115100.0 |
| 008 - FIXED-LENGTH DATA ELEMENTS--GENERAL INFORMATION | |
| fixed length control field | 170309s2016 mx r 000 0 spa d |
| 020 ## - INTERNATIONAL STANDARD BOOK NUMBER | |
| International Standard Book Number | 9786078093755 |
| 040 ## - CATALOGING SOURCE | |
| Original cataloging agency | MX-PuUPA |
| Language of cataloging | spa |
| Description conventions | rda |
| Transcribing agency | Mx-PuUPA |
| Modifying agency | Mx-PuUPA |
| 041 0# - LANGUAGE CODE | |
| Language code of text/sound track or separate title | spa |
| 043 ## - GEOGRAPHIC AREA CODE | |
| Source of local code | mx-mxbn |
| Local GAC code | nx-mx-pu |
| 245 00 - TITLE STATEMENT | |
| Title | Díez botellas al mar : |
| Remainder of title | reunión de cuentos / |
| Statement of responsibility, etc. | Alejandro Badillo, compilador. |
| 246 3# - VARYING FORM OF TITLE | |
| Title proper/short title | 10 botellas al mar : |
| Remainder of title | reunión de cuentos. |
| 250 ## - EDITION STATEMENT | |
| Edition statement | Primera edición / |
| Remainder of edition statement | noviembre |
| 264 #1 - PRODUCTION, PUBLICATION, DISTRIBUTION, MANUFACTURE, AND COPYRIGHT NOTICE | |
| Place of production, publication, distribution, manufacture | Puebla, México : |
| Name of producer, publisher, distributor, manufacturer | Universidad Popular Autónoma del Estado de Puebla, |
| Date of production, publication, distribution, manufacture, or copyright notice | 2016 |
| 300 ## - PHYSICAL DESCRIPTION | |
| Extent | 87 páginas ; |
| Dimensions | 22 cm |
| 336 ## - CONTENT TYPE | |
| Content type term | texto |
| Fuente | rdacontent |
| Content type code | txt |
| 337 ## - MEDIA TYPE | |
| Media type term | sin medio |
| Source | rdamedia |
| Media type code | n |
| 338 ## - CARRIER TYPE | |
| Carrier type term | volumen |
| Source | rdacarrier |
| Carrier type code | nc |
| 650 #7 - SUBJECT ADDED ENTRY--TOPICAL TERM | |
| Topical term or geographic name entry element | Cuentos |
| Source of heading or term | armarc |
| 650 #7 - SUBJECT ADDED ENTRY--TOPICAL TERM | |
| Topical term or geographic name entry element | Literatura mexicana |
| Source of heading or term | armarc |
| 700 1# - ADDED ENTRY--PERSONAL NAME | |
| Personal name | Badillo, Alejandro, |
| Relator term | compilador |
| 942 ## - ADDED ENTRY ELEMENTS (KOHA) | |
| Classification part | 808.83 |
| Item part | D555 |
| Koha item type | Libro |
| Source of classification or shelving scheme | Dewey Decimal Classification |
| Withdrawn status | Lost status | Source of classification or shelving scheme | Damaged status | Not for loan | Collection code | Home library | Current library | Shelving location | Date acquired | Source of acquisition | Total Checkouts | Full call number | Barcode | Date last seen | Date last checked out | Price effective from | Koha item type |
|---|---|---|---|---|---|---|---|---|---|---|---|---|---|---|---|---|---|
| Dewey Decimal Classification | General | Angelópolis | Angelópolis | Sala general | 14/03/2024 | 808.83 D555 2016 | 965000000272 | 14/03/2024 | 14/03/2024 | Libro | |||||||
| Dewey Decimal Classification | General | Atlixco | Atlixco | Sala general | 14/03/2024 | 808.83 D555 2016 | 962000000066 | 14/03/2024 | 14/03/2024 | Libro | |||||||
| Dewey Decimal Classification | General | Biblioteca Karol Wojtyla | Biblioteca Karol Wojtyla | Sala general | 13/03/2017 | Compra | 1 | 808.83 DIE 2016 | 97069 | 05/01/2026 | 01/09/2018 | 13/03/2017 | Libro | ||||
| Dewey Decimal Classification | General | Biblioteca Karol Wojtyla | Biblioteca Karol Wojtyla | Sala general | 13/03/2017 | Compra | 808.83 DIE 2016 | 97070 | 05/01/2026 | 09/03/2018 | 13/03/2017 | Libro | |||||
| Dewey Decimal Classification | Consulta en sala | UPAEP | Biblioteca Karol Wojtyla | Biblioteca Karol Wojtyla | Sala "Colecciones Especiales" | 09/03/2017 | Compra | 808.83 DIE 2016 | 97068 | 05/01/2026 | 13/03/2017 | Libro | |||||
| Dewey Decimal Classification | General | Cholula | Cholula | Sala general | 03/04/2024 | 808.83 D555 2016 | 964000000093 | 03/04/2024 | 03/04/2024 | Libro | |||||||
| Dewey Decimal Classification | General | Huamantla | Huamantla | Sala general | 03/04/2024 | 808.83 D555 2016 | 967000000070 | 03/04/2024 | 03/04/2024 | Libro | |||||||
| Dewey Decimal Classification | General | Lomas de Angelópolis | Lomas de Angelópolis | Sala general | 14/03/2024 | 808.83 D555 2016 | 216400000145 | 14/03/2024 | 14/03/2024 | Libro | |||||||
| Dewey Decimal Classification | General | Preparatoria Sur | Preparatoria Sur | Sala general | 14/03/2024 | 808.83 D555 2016 | 961000000086 | 14/03/2024 | 14/03/2024 | Libro | |||||||
| Dewey Decimal Classification | General | San Martín | San Martín | Sala general | 14/03/2024 | 808.83 D555 2016 | 963000000066 | 14/03/2024 | 14/03/2024 | Libro | |||||||
| Dewey Decimal Classification | General | Santa Ana | Santa Ana | Sala general | 03/04/2024 | 808.83 D555 2016 | 966000000070 | 03/04/2024 | 03/04/2024 | Libro | |||||||
| Dewey Decimal Classification | General | Santiago | Santiago | Sala general | 14/03/2024 | 808.83 D555 2016 | 960000000131 | 14/03/2024 | 14/03/2024 | Libro | |||||||
| Dewey Decimal Classification | General | Tehuacán | Tehuacán | Sala general | 03/04/2024 | 808.83 D555 2016 | 968000002218 | 08/01/2025 | 03/04/2024 | Libro |